Lexikon für Theologie und Kirche

Salvato in:
Dettagli Bibliografici
Autore principale: Buchberger, Michael
Natura: Libro
Lingua:tedesco
Pubblicazione: Friburgo, Suiza Herder 1957
Soggetti:
Tags: Aggiungi Tag
Nessun Tag, puoi essere il primo ad aggiungerne!!

MARC

LEADER 00000cam a2200000 a 4500
001 UCD4171
003 CL-VaPUC
005 20250103100414.0
008 160701e19570000sz |||||||||||||||||ger|d
999 |c 365113  |d 365111 
040 |c Pontificia Universidad Católica de Valparaíso 
082 0 4 |a 230.2 BUC 1957  |2 21 
100 0 |a Buchberger, Michael  |9 587792 
245 1 0 |a Lexikon für Theologie und Kirche 
260 0 3 |a Friburgo, Suiza  |b Herder  |c 1957 
300 |a v 
505 |a v.1: A-Baronius. v.2: Barontus-Cölestiner. v.3: Colet-Faistenberger. v.4: Faith and Order-Hannibaldis. v.5: Hannover-Karterios. v.6: Karthago-Marcellino. v.7: Marcellinus-Paleotti. v.8: Palermo-Roloff. v.9: Rom-Tetzel. v.10: Teufel-Zypern. 
583 |a last modification  |c 20170605 01:05:18  |k Rodrigo Vera 
650 0 |a Iglesia Católica  |9 256114 
650 0 |a Diccionarios  |9 256200 
650 0 |a Teología   |9 258766 
942 |c BK  |2 ddc 
945 |d 20160701 20:49:00  |a dcastane 
952 |0 0  |1 0  |2 ddc  |3 erd  |4 0  |6 230_200000000000000_BUC_1957  |7 0  |8 A  |9 478844  |a FDOHBE  |b FDOHBE  |e Huesbe Llanos, Marco Antonio, 1934-  |h v.1  |i 5310970  |o 230.2 BUC 1957  |p 5310970  |r 2024-01-30  |t 2  |w 2019-11-24  |y BK  |z Catalogado en:20160701  |k HBE 
952 |0 0  |1 0  |2 ddc  |3 erd  |4 0  |6 230_200000000000000_BUC_1957  |7 0  |8 A  |9 478845  |a FDOHBE  |b FDOHBE  |e Huesbe Llanos, Marco Antonio, 1934-  |h v.2  |i 5310989  |o 230.2 BUC 1957  |p 5310989  |r 2024-01-30  |t 2  |w 2019-11-24  |y BK  |z Catalogado en:20160701  |k HBE 
952 |0 0  |1 0  |2 ddc  |3 erd  |4 0  |6 230_200000000000000_BUC_1957  |7 0  |8 A  |9 478846  |a FDOHBE  |b FDOHBE  |e Huesbe Llanos, Marco Antonio, 1934-  |h v.3  |i 5310997  |o 230.2 BUC 1957  |p 5310997  |r 2024-01-30  |t 2  |w 2019-11-24  |y BK  |z Catalogado en:20160701  |k HBE 
952 |0 0  |1 0  |2 ddc  |3 erd  |4 0  |6 230_200000000000000_BUC_1957  |7 0  |8 A  |9 478847  |a FDOHBE  |b FDOHBE  |e Huesbe Llanos, Marco Antonio, 1934-  |h v.4  |i 5311004  |o 230.2 BUC 1957  |p 5311004  |r 2024-01-30  |t 2  |w 2019-11-24  |y BK  |z Catalogado en:20160701  |k HBE 
952 |0 0  |1 0  |2 ddc  |3 erd  |4 0  |6 230_200000000000000_BUC_1957  |7 0  |8 A  |9 478848  |a FDOHBE  |b FDOHBE  |e Huesbe Llanos, Marco Antonio, 1934-  |h v.5  |i 5311012  |o 230.2 BUC 1957  |p 5311012  |r 2024-01-30  |t 2  |w 2019-11-24  |y BK  |z Catalogado en:20160701  |k HBE 
952 |0 0  |1 0  |2 ddc  |3 erd  |4 0  |6 230_200000000000000_BUC_1957  |7 0  |8 A  |9 478849  |a FDOHBE  |b FDOHBE  |e Huesbe Llanos, Marco Antonio, 1934-  |h v.6  |i 5311020  |o 230.2 BUC 1957  |p 5311020  |r 2024-01-30  |t 2  |w 2019-11-24  |y BK  |z Catalogado en:20160701  |k HBE 
952 |0 0  |1 0  |2 ddc  |3 erd  |4 0  |6 230_200000000000000_BUC_1957  |7 0  |8 X  |9 478850  |a BIBTEO  |b BIBTEO  |h v.1  |i 5394864  |o 230.2 BUC 1957  |p 5394864  |r 2019-11-24  |t 1  |w 2019-11-24  |y BK_X  |z Catalogado en:20170609  |k ICR 
952 |0 0  |1 0  |2 ddc  |3 erd  |4 0  |6 230_200000000000000_BUC_1957  |7 0  |8 X  |9 478851  |a BIBTEO  |b BIBTEO  |h v.2  |i 5394872  |o 230.2 BUC 1957  |p 5394872  |r 2019-11-24  |t 1  |w 2019-11-24  |y BK_X  |z Catalogado en:20170609  |k ICR 
952 |0 0  |1 0  |2 ddc  |3 erd  |4 0  |6 230_200000000000000_BUC_1957  |7 0  |8 X  |9 478852  |a BIBTEO  |b BIBTEO  |h v.3  |i 5394880  |o 230.2 BUC 1957  |p 5394880  |r 2019-11-24  |t 1  |w 2019-11-24  |y BK_X  |z Catalogado en:20170609  |k ICR 
952 |0 0  |1 0  |2 ddc  |3 erd  |4 0  |6 230_200000000000000_BUC_1957  |7 0  |8 X  |9 478853  |a BIBTEO  |b BIBTEO  |h v.4  |i 5394899  |o 230.2 BUC 1957  |p 5394899  |r 2019-11-24  |t 1  |w 2019-11-24  |y BK_X  |z Catalogado en:20170609  |k ICR 
952 |0 0  |1 0  |2 ddc  |3 erd  |4 0  |6 230_200000000000000_BUC_1957  |7 0  |8 X  |9 478854  |a BIBTEO  |b BIBTEO  |h v.5  |i 5394902  |o 230.2 BUC 1957  |p 5394902  |r 2019-11-24  |t 1  |w 2019-11-24  |y BK_X  |z Catalogado en:20170609  |k ICR 
952 |0 0  |1 0  |2 ddc  |3 erd  |4 0  |6 230_200000000000000_BUC_1957  |7 0  |8 X  |9 478855  |a BIBTEO  |b BIBTEO  |h v.6  |i 5394910  |o 230.2 BUC 1957  |p 5394910  |r 2019-11-24  |t 1  |w 2019-11-24  |y BK_X  |z Catalogado en:20170609  |k ICR 
952 |0 0  |1 0  |2 ddc  |3 erd  |4 0  |6 230_200000000000000_BUC_1957  |7 0  |8 X  |9 478856  |a BIBTEO  |b BIBTEO  |h v.7  |i 5394929  |o 230.2 BUC 1957  |p 5394929  |r 2019-11-24  |t 1  |w 2019-11-24  |y BK_X  |z Catalogado en:20170609  |k ICR 
952 |0 0  |1 0  |2 ddc  |3 erd  |4 0  |6 230_200000000000000_BUC_1957  |7 0  |8 X  |9 478857  |a BIBTEO  |b BIBTEO  |h v.8  |i 5394937  |o 230.2 BUC 1957  |p 5394937  |r 2019-11-24  |t 1  |w 2019-11-24  |y BK_X  |z Catalogado en:20170609  |k ICR 
952 |0 0  |1 0  |2 ddc  |3 erd  |4 0  |6 230_200000000000000_BUC_1957  |7 0  |8 X  |9 478858  |a BIBTEO  |b BIBTEO  |h v.9  |i 5394945  |o 230.2 BUC 1957  |p 5394945  |r 2019-11-24  |t 1  |w 2019-11-24  |y BK_X  |z Catalogado en:20170609  |k ICR 
952 |0 0  |1 0  |2 ddc  |3 erd  |4 0  |6 230_200000000000000_BUC_1957  |7 0  |8 X  |9 478859  |a BIBTEO  |b BIBTEO  |h v.10  |i 5394953  |o 230.2 BUC 1957  |p 5394953  |r 2019-11-24  |t 1  |w 2019-11-24  |y BK_X  |z Catalogado en:20170609  |k ICR